000 00325nam a2200145Ia 4500
100 _aTaylor Angus E
942 _cBK
654 _acalculus
245 _aCalculus With analytic Geometry
260 _bPrentice Hall of India
_aNewJersey
_c1959
082 _a515.15
_bRee
300 _a762
546 _aENGLISH
999 _c31085
_d31085